| 000 | 01573cam a22003613a 4500 | ||
|---|---|---|---|
| 999 |
_c219462 _d219462 |
||
| 001 | 16479199 | ||
| 003 | Nust | ||
| 005 | 20170209193308.0 | ||
| 008 | 070830r20072006nyu 000 1 eng d | ||
| 010 | _a 2010515424 | ||
| 020 | _a9780340827512 (pbk.) | ||
| 035 | _a(OCoLC)ocn166430770 | ||
| 035 | _a(OCoLC)166430770 | ||
| 040 |
_aNjBwBT _cJFN _dJFN _dBAKER _dJCX _dOCLCQ _dBTCTA _dDLC |
||
| 042 | _alccopycat | ||
| 043 | _ae-uk-en | ||
| 050 | 0 | 0 | _aCPB Box no. 3119 vol. 17 |
| 082 |
_a813.54 _bGEO |
||
| 100 | 1 |
_aGeorge, Elizabeth, _d1949- |
|
| 245 | 1 | 0 |
_aWhat came before he shot her / _cElizabeth George. |
| 260 |
_aNew York : _bHarper, _c2007, |
||
| 300 |
_a643 p. ; _c18 cm. |
||
| 490 | 0 | _aHarper fiction | |
| 500 | _aOriginally published: New York : HarperCollins, c2006. | ||
| 520 | _aThree abandoned children--Ness, who loses herself in drugs, alcohol, and fast boys; Toby, who harbors problems nobody is willing to acknowledge; and Joel, who forges a pact that sets a terrible crime into motion--become the focus of a murder investigation. | ||
| 600 | 1 | 0 |
_aLynley, Thomas _vFiction. |
| 650 | 0 |
_aAbandoned children _zEngland _zLondon _vFiction. |
|
| 650 | 0 |
_aMale juvenile delinquents _zEngland _zLondon _vFiction. |
|
| 651 | 0 |
_aKensington and Chelsea (London, England) _xSocial conditions _vFiction. |
|
| 655 | 7 |
_aMystery fiction. _2gsafd |
|
| 710 | 2 |
_aCopyright Paperback Collection (Library of Congress) _5DLC |
|
| 906 |
_a7 _bcbc _ccopycat _d2 _encip _f20 _gy-genrareb |
||
| 942 |
_2ddc _cBK |
||